| 000 | 00556nam a2200169 4500 | ||
|---|---|---|---|
| 001 | 137965 | ||
| 003 | ES-MaACL | ||
| 005 | 20250929063205.0 | ||
| 007 | t| | ||
| 008 | 070214s1939 cu r ||||1| spa d | ||
| 100 | 1 |
_aSánchez de Fuentes, Eduardo, _d1874-1944 _9102577 |
|
| 245 | 1 | 0 |
_aIntercambio musical _b: el Congreso Internacional de Música de New York / _cpor Eduardo Sánchez de Fuentes. |
| 260 |
_aLa Habana : _bMolina y Cia., _c1939. |
||
| 300 |
_a16 p. ; _c23 cm. |
||
| 852 |
_aES-MaACL _j1825-F-2 _bR.16804 |
||
| 999 |
_c137965 _d137965 |
||